Nghệ thuật giao dịch trong kinh doanh Phép cư xử của người làm kinh doanh
Sách giới thiệu một cách khá tỉ mỉ về cách ăn mặc, đi đứng, ngôn ngữ giao tiếp trong cuộc sống hàng ngày với những tình huống ứng xử thiết thực và đa dạng, và đặc biệt đối với nhưng người hoạt động trong giới kinh doanh. Sách cũng da...
Na minha lista:
| Autor principal: | |
|---|---|
| Formato: | Livro |
| Idioma: | Undetermined |
| Publicado em: |
Đà Nẵng
Nxb. Đà Nẵng
1998
|
| Assuntos: | |
| Tags: |
Adicionar Tag
Sem tags, seja o primeiro a adicionar uma tag!
|
| Thư viện lưu trữ: | Trung tâm Học liệu Trường Đại học Cần Thơ |
|---|
| LEADER | 01102nam a2200205Ia 4500 | ||
|---|---|---|---|
| 001 | CTU_27086 | ||
| 008 | 210402s9999 xx 000 0 und d | ||
| 082 | |a 158.1 | ||
| 082 | |b D938 | ||
| 100 | |a M Kay Dupont | ||
| 245 | 0 | |a Nghệ thuật giao dịch trong kinh doanh | |
| 245 | 0 | |b Phép cư xử của người làm kinh doanh | |
| 245 | 0 | |c M Kay Dupont; Dịch giả: Nguyễn Thị Quỳnh Giao, Nguyễn Nguyễn | |
| 260 | |a Đà Nẵng | ||
| 260 | |b Nxb. Đà Nẵng | ||
| 260 | |c 1998 | ||
| 520 | |a Sách giới thiệu một cách khá tỉ mỉ về cách ăn mặc, đi đứng, ngôn ngữ giao tiếp trong cuộc sống hàng ngày với những tình huống ứng xử thiết thực và đa dạng, và đặc biệt đối với nhưng người hoạt động trong giới kinh doanh. Sách cũng dạy cách phỏng vấn người và cách trả lời phỏng vấn | ||
| 650 | |a Psychology, applied | ||
| 904 | |i Minh | ||
| 980 | |a Trung tâm Học liệu Trường Đại học Cần Thơ | ||